Responses for show #6900 - Friday, September 19, 2014

Contestants

[<< previous game]

Stephanie Bilyeu, a medical technologist from Champaign, Illinois

Matthew Price, a higher education administrator from East Providence, Rhode Island

Bill Cossen, a Ph.D. candidate in history originally from Lexington, South Carolina (whose 3-day cash winnings total $50,602)

[next game >>]

Jeopardy! Round responses

31 FLAVORS
(Alex: In honor of our 31 seasons.)
ROCKY ROAD
DATE NUT
STRAWBERRY
CHOCOLATE
VANILLA
    $200 6
Baskin-Robbins

Bill
    $200 1
Estonia

Matthew
    $200 26
Babe Ruth

Matthew
    $200 21
"Strawberry Fields Forever"

Stephanie
    $200 11
Godiva

Stephanie
    $200 12
regular

Bill
    $400 7
Reggie Miller

Bill
    $400 2
Beijing

Matthew
    $400 27
Iwo Jima

Stephanie
    $400 22
Darryl Strawberry

Matthew
    $400 13
Hershey's

Matthew
    $400 17
(Alex: Change the letter from "Norman".)

normal

Triple Stumper
    $600 8
Buddha

Bill
    $600 3
Buenos Aires

Matthew
    $600 28
August

Bill
    $600 23
Humphrey Bogart

Stephanie
    $600 14
(Bill: What are walnuts?)
...
(Alex: [*] in the South.)

pecans

BillStephanie
    $600 18
ordinary

Matthew
    $800 9
(Jackson) Pollock

Matthew
    $800 4
(Bill: What are France and Switzerland?)

Switzerland & Austria

BillMatthew
    $1,000 29
the Summer Olympics (in London)

Bill
    $800 24
Strawberry Shortcacke

Matthew
    $800 15
Serendipity

Stephanie
    $800 19
(Matthew: What is a program?)

routine

Matthew
Triple Stumper
    $1000 10
(Bill: What is Texas?)

California

BillMatthew
    $1000 5
trolls

Triple Stumper
    $1000 30
Persian

Bill
    $1000 25
Julianne Moore

Triple Stumper
    $1000 16
nonpareils

Bill
    $1000 20
run of the mill

Triple Stumper

Scores at the first commercial break (after clue 15):

Bill Matthew Stephanie
-$1,000 $4,200 $1,600

Scores at the end of the Jeopardy! Round:

Bill Matthew Stephanie
$2,600 $5,400 $2,800

Double Jeopardy! Round responses

YOU GOT THE MINE, I GOT THE SHAFT
MUSIC TERMS
THE DOONESBURY GROUP
COLLEGE ABROAD
FILL IN THE SHAKESPEARE QUOTE
DOLLAR "BIL"
    $400 6
coal

Matthew
    $400 8
an aria

Bill
    $400 22
(Gary) Trudeau

Bill
    $400 12
Oxford

Matthew
    $400 19
March

Bill
    $400 1
a billboard

Bill
    $800 7
gold

Stephanie
    $800 17
a sonata

Matthew
    $800 23
Sarah Palin

Matthew
    $800 13
Bern

Matthew
    $800 27
cauldron

Stephanie
    $800 2
billable hours

Bill
    $1200 9
Chile

Bill
    $1,400 18
(Matthew: What are...carrels?)
(Alex: Oh, you were on the right track. What is [*]? [*].)

a carillon

Matthew
    $1200 24
(Jerry) Brown

Matthew
    $1200 14
McGill

Matthew
    $4,400 28
(Stephanie: [*]? What is [*]?)
...
[End-of-round signal sounds.]

Verona

Stephanie
    $1200 3
to bilk

Bill
    $1600 10
(Alex: The south rim of [*]; unless the environmentalists stop them.)

the Grand Canyon

Triple Stumper
    $1600 20
the pentatonic scale

Triple Stumper
    $1600 25
(Alex: Less than a minute to go now, Matthew.)

Uncle Duke

Triple Stumper
    $1600 15
(Bill: What is St. Andrews?)

Trinity College

BillMatthew
    $1600 4
a billabong

Bill
    $2000 11
Poland

Bill
    $2000 21
buffa

Bill
    $2000 26
Zonker Harris

Triple Stumper
    $2000 16
Moscow State University

Bill
    $2000 5
(Bill: [no response])
(Alex: Oh.)
...
(Alex: What is [*]? It seems so strange, constantly saying "Bill", and then you have to come up with a response that has "Bil" in it. But you pick again right now.)

a billet

Bill
Triple Stumper

Scores at the end of the Double Jeopardy! Round:

Bill Matthew Stephanie
$11,400 $11,200 $8,800

[wagering suggestions for these scores]

Final Jeopardy! Round responses

MOVIES ABOUT MOVIES
(Alex: David Tomlinson played Mr. Banks in Mary Poppins; I am sure that helped you.)
StephanieWhat is Saving Mr. Banks?
$8,000
MatthewWhat is Saving Mr. Banks?
$11,200
BillWhat is ?
$11,001
Saving Mr. Banks

Final scores:

Bill Matthew Stephanie
$399 $22,400 $16,800
3rd place: $1,000 New champion: $22,400 2nd place: $2,000

Game dynamics:

Coryat scores:

Bill Matthew Stephanie
$11,200 $12,600 $5,600
19 R
(including 1 DD),
5 W
19 R,
2 W
(including 1 DD)
9 R
(including 1 DD),
0 W

Combined Coryat: $29,400

The J! Archive is created by fans, for fans. The Jeopardy! game show and all elements thereof, including but not limited to copyright and trademark thereto, are the property of Jeopardy Productions, Inc. and are protected under law. This website is not affiliated with, sponsored by, or operated by Jeopardy Productions, Inc. Join the discussion at JBoard.tv.